00643nam a2200169Ia 4500008004100000020001800041041001200059082001500071100004200086245005300128260003800181300000800219650004500227942000700272999001900279952017500298231221s9999 xx 000 0 und d a81-7170-143-4 aEnglish a440 BHA;3 aBhattacharya Bhale Rao, Uma Shashi ed 0aFrench for hotel management and tourism industry c2005bFrank Bros & Co.aNew Delhi a281 aFrench,hotel,management,tourism,industry cHM c208197d208197 r2024-01-26 00:00:00l0o440 BHA;3pHM909v179.01w2024-01-26yHM1040708HEM00aMLbMLcHMd0000-00-00eBook Paradiseg198.90EHMK29529L23/06/2010GRSF1V19.89W10